000 01374cam a2200289 i 4500
003 SA-RiAUC
005 20241212091104.0
008 241211s1988 su g 00000 ara c
040 _aSA-JeALM
_bara
_cSA-RiAUC
_erda
082 0 4 _a240
090 _a240
_b ا ب ن ح
100 1 _aابن حزم، علي بن أحمد بن سعيد،
_d384-456 هجري
_eمؤلف.
245 1 2 _aالدرة فيما يجب اعتقاده /
_cلأبي محمد علي بن أحمد بن سعيد بن حزم ؛ دراسة وتحقيق وتعليق أحمد بن ناصر بن محمد الحمد، سعيد بن عبد الرحمن بن موسى القزقي.
250 _aالطبعة الأولى.
264 1 _aالقاهرة :
_bمطبعة المدني،
_c1988
300 _a515 صفحة ؛
_c24 سم
336 _aنص
_btxt
_2rdacontent
_3كتاب
337 _aبدون وسيط
_bn
_2rdamedia
338 _aمجلد
_bnc
_2rdacarrier
500 _aاهداء من المحقق احمد بن ناصر الحمد بتاريخ 21 / 7 / 1408 هـ
650 7 _aعلم الكلام
_2aucsh
650 7 _aالإيمان
_2aucsh
700 1 _aالحمد، أحمد بن ناصر بن محمد،
_d1369 هجري-
_eمحقق.
700 1 _aالقزقي، سعيد بن عبد الرحمن بن موسى
_eمحقق.
942 _2ddc
_cBOOK
_n0
949 _aSA-JeALM
_d241211
_uosman123
_n1
999 _c3418
_d3418